Statistics for Survivor Contestants Season 19: Samoa

Click here to take the quiz!

General Stats

  • This quiz has been taken 44 times
  • The average score is 15 of 20

Answer Stats

FinishContestant% Correct
WinnerNatalie White
100%
2ndRussell Hantz
91%
4thBrett Clouser
85%
10thLaura Morett
85%
3rdMick Trimming
85%
7thMonica Padilla
85%
6thShannon "Shambo" Waters
85%
5thJaison Robinson
82%
8th"Danger" Dave Ball
79%
12thErik Cardona
76%
9thJohn Fincher
76%
11thKelly Sharbaugh
74%
14thRussell Swan
74%
20thMarisa Calihan
71%
19th*Mike Borassi
62%
15thAshley Trainer
59%
17thBen Browning
59%
18thBetsy Bolan
59%
16thYasmin Giles
59%
13thLiz Kim
56%

Score Distribution

Percentile by Number Answered

Percent of People with Each Score

Your Score History

You have not taken this quiz